Paesi più vicini a Bosnia ed Erzegovina - Statistics

Statistiche generali
  • Questo quiz è stato fatto 66 volte
  • Il punteggio medio è 18 su 20
Statistiche sulle risposte
km nazione % Corretto
0 Croazia
100%
282 Grecia
100%
153 Italia
100%
96 Kosovo
98%
196 Macedonia del Nord
97%
129 Romania
97%
0 Serbia
97%
45 Slovenia
97%
162 Austria
95%
0 Montenegro
95%
94 Albania
92%
68 Ungheria
92%
221 Bulgaria
90%
282 Slovacchia
89%
271 San Marino
84%
438 Svizzera
84%
400 Città del Vaticano
77%
331 Germania
77%
436 Ucraina
69%
372 Cechia
51%
Nessun quiz corrispondente trovato
Distribuzione punteggi
Percentuale di utenti per punteggio
Percentile per numero di risposta
I tuoi punteggi nel tempo
Non hai fatto questo quiz